A journey through ancient Egypt

Saved in:

Format: Book

Language: English

Published: London : Brockhampton press, 1998.

Subjects:

Tags: Add Tag

No Tags, Be the first to tag this record!

Call Number: On Hold

LEADER 00552nam a22001937a 4500
003 OSt
005 20260512080306.0
008 260512t1998 uk ad |||||||||| ||eng||
020 |a 9781860198328 
050 1 4 |a On Hold 
245 1 2 |a A journey through ancient Egypt  
264 1 |a London :   |b Brockhampton press,  |c 1998. 
300 |a 123 page :  |b ill., carte ;   |c 24 cm. 
650 4 |a Civilization  
650 4 |a Egypt Civilization 332 B.C.-638 A.D  
650 4 |a Egypt Civilization To 332 B.C  
650 4 |a Egypt In literature  
942 |2 lcc  |c BK 
999 |c 60943  |d 60943